[Event "GER T244-A30-S email"]
[Site "GER email"]
[Date "2017.01.15"]
[Round "?"]
[White "Cremerius, Armin"]
[Black "Heilmann, Michael Joerg"]
[Result "0-1"]
[WhiteElo "1890"]
[BlackElo "2172"]
[PlyCount "52"]
[EventDate "2017.01.20"]
[EventType "tourn (corr)"]
[EventRounds "8"]
[EventCountry "GER"]
[SourceTitle "Corr 2020"]
[Source "ChessBase"]
[SourceDate "2019.09.30"]
[SourceVersion "1"]
[SourceVersionDate "2019.09.30"]
[SourceQuality "1"]

1. c4 c5 2. Nf3 Nf6 3. Nc3 e6 4. g3 b6 5. Bg2 Bb7 6. 0-0 Be7 7. Re1 d5 8. b3 d4 9. Nb5 0-0 10. d3 Nc6 11. Ne5 Qc8 12. Bxc6 Bxc6 13. Nxc6 Qxc6 14. Na3 Nd7 15. Nc2 f5 16. b4 Rae8 17. b5 Qb7 18. a4 Bd6 19. a5 f4 20. axb6 axb6 21. Bd2 Rf6 22. Rf1 Bb8 23. Qe1 Rg6 24. Qc1 fxg3 25. fxg3 Bxg3 26. hxg3 Rxg3+ 0-1

[Event "GER T244-A30-S email"]
[Site "GER email"]
[Date "2017.01.15"]
[Round "?"]
[White "Dosch, Markus"]
[Black "Heilmann, Michael Joerg"]
[Result "1/2-1/2"]
[WhiteElo "1773"]
[BlackElo "2172"]
[PlyCount "72"]
[EventDate "2017.01.20"]
[EventType "tourn (corr)"]
[EventRounds "8"]
[EventCountry "GER"]
[SourceTitle "Corr 2020"]
[Source "ChessBase"]
[SourceDate "2019.09.30"]
[SourceVersion "1"]
[SourceVersionDate "2019.09.30"]
[SourceQuality "1"]

1. c4 c5 2. Nf3 Nf6 3. Nc3 e6 4. g3 b6 5. Bg2 Bb7 6. 0-0 Be7 7. d4 cxd4 8. Qxd4 0-0 9. Rd1 d6 10. b3 Nbd7 11. Bb2 a6 12. e4 Qb8 13. Qe3 Re8 14. Nd4 Bf8 15. Qd2 Qc7 16. Re1 g6 17. Nc2 h5 18. Ne3 Rac8 19. h3 Qb8 20. Rad1 Red8 21. f4 b5 22. f5 Ne5 23. fxe6 fxe6 24. cxb5 axb5 25. Nc2 b4 26. Nxb4 d5 27. exd5 Bxb4 28. Qf4 Bxc3 29. Bxc3 Nxd5 30. Qxe5 Rxc3 31. Rxd5 Qa7+ 32. Kh1 Bxd5 33. Qxc3 Bxg2+ 34. Kxg2 Qxa2+ 35. Kh1 Qf2 36. b4 Rd2 1/2-1/2

[Event "GER T244-A30-S email"]
[Site "GER email"]
[Date "2017.01.15"]
[Round "?"]
[White "Heilmann, Michael Joerg"]
[Black "Cremerius, Armin"]
[Result "1-0"]
[WhiteElo "2172"]
[BlackElo "1890"]
[PlyCount "51"]
[EventDate "2017.01.20"]
[EventType "tourn (corr)"]
[EventRounds "8"]
[EventCountry "GER"]
[SourceTitle "Corr 2020"]
[Source "ChessBase"]
[SourceDate "2019.09.30"]
[SourceVersion "1"]
[SourceVersionDate "2019.09.30"]
[SourceQuality "1"]

1. c4 c5 2. Nf3 Nf6 3. Nc3 e6 4. g3 b6 5. Bg2 Bb7 6. 0-0 Be7 7. d4 cxd4 8. Qxd4 Nc6 9. Qf4 0-0 10. Rd1 d6 11. b3 Qb8 12. Bb2 Ne5 13. e4 a6 14. Nd4 Nxc4 15. bxc4 e5 16. Qe3 exd4 17. Qxd4 Bc8 18. Nd5 Bd8 19. a4 Re8 20. Ne3 Bc7 21. a5 bxa5 22. Qd2 Nxe4 23. Bxe4 Rxe4 24. Rab1 Bg4 25. Nxg4 Rxg4 26. Bxg7 1-0

[Event "GER T244-A30-S email"]
[Site "GER email"]
[Date "2017.01.15"]
[Round "?"]
[White "Heilmann, Michael Joerg"]
[Black "Dosch, Markus"]
[Result "1-0"]
[WhiteElo "2172"]
[BlackElo "1773"]
[PlyCount "97"]
[EventDate "2017.01.20"]
[EventType "tourn (corr)"]
[EventRounds "8"]
[EventCountry "GER"]
[SourceTitle "Corr 2020"]
[Source "ChessBase"]
[SourceDate "2019.09.30"]
[SourceVersion "1"]
[SourceVersionDate "2019.09.30"]
[SourceQuality "1"]

1. c4 c5 2. Nf3 Nf6 3. Nc3 e6 4. g3 b6 5. Bg2 Bb7 6. 0-0 Be7 7. Re1 d6 8. e4 a6 9. d4 cxd4 10. Nxd4 Qc7 11. Be3 Nbd7 12. f4 0-0 13. Rc1 Rfe8 14. g4 Nc5 15. Bf2 g6 16. b4 Rad8 17. e5 dxe5 18. fxe5 Nxg4 19. Qxg4 Nd3 20. Bxb7 Qxb7 21. Ne4 Nxf2 22. Nxf2 Bxb4 23. Re2 Qc7 24. Nf3 Ba3 25. Rf1 Bf8 26. Ne4 Bg7 27. Nfg5 Qxe5 28. Nxf7 Qc7 29. Qh4 Bd4+ 30. Kh1 Rf8 31. Neg5 Rxf7 32. Rxf7 Qc6+ 33. Re4 h5 34. Nxe6 Re8 35. Rc7 Bf6 36. Qf4 Qxe6 37. Rxe6 Rxe6 38. c5 Re1+ 39. Kg2 Re2+ 40. Kf1 Re7 41. Qxf6 Rxc7 42. Qd8+ Kg7 43. Qxc7+ Kh6 44. cxb6 g5 45. b7 g4 46. b8Q Kg6 47. Qe5 g3 48. Qg8+ Kh6 49. Qeh8# 1-0

[Event "GER T244-A30-S email"]
[Site "GER email"]
[Date "2017.01.15"]
[Round "?"]
[White "Vieth, Martin"]
[Black "Heilmann, Michael Joerg"]
[Result "1/2-1/2"]
[WhiteElo "1895"]
[BlackElo "2172"]
[PlyCount "50"]
[EventDate "2017.01.20"]
[EventType "tourn (corr)"]
[EventRounds "8"]
[EventCountry "GER"]
[SourceTitle "Corr 2020"]
[Source "ChessBase"]
[SourceDate "2019.09.30"]
[SourceVersion "1"]
[SourceVersionDate "2019.09.30"]
[SourceQuality "1"]

1. c4 c5 2. Nf3 Nf6 3. Nc3 e6 4. g3 b6 5. Bg2 Bb7 6. 0-0 Be7 7. d4 cxd4 8. Qxd4 0-0 9. e4 d6 10. Rd1 Nbd7 11. Qe3 Qc7 12. b3 Rad8 13. Bb2 a6 14. Qe2 Rfe8 15. Rac1 Qb8 16. Nd4 Bf8 17. Re1 Rc8 18. Ra1 Nc5 19. Rad1 d5 20. cxd5 exd5 21. e5 Nfe4 22. Nf5 Nxc3 23. Bxc3 g6 24. Ne3 Ne6 25. Bb2 d4 1/2-1/2

[Event "GER T199-C54-S email"]
[Site "GER email"]
[Date "2014.09.22"]
[Round "?"]
[White "Heilmann, Michael Joerg"]
[Black "Offenborn, Heinz"]
[Result "1-0"]
[WhiteElo "2180"]
[BlackElo "2098"]
[PlyCount "61"]
[EventDate "2014.09.29"]
[EventType "tourn (corr)"]
[EventRounds "8"]
[EventCountry "GER"]
[SourceTitle "Corr 2020"]
[Source "ChessBase"]
[SourceDate "2019.09.30"]
[SourceVersion "1"]
[SourceVersionDate "2019.09.30"]
[SourceQuality "1"]

1. e4 e5 2. Nf3 Nc6 3. Bc4 Bc5 4. c3 Nf6 5. d4 exd4 6. cxd4 Bb4+ 7. Kf1 d5 8. exd5 Nxd5 9. Nc3 Nxc3 10. bxc3 Bxc3 11. Qb3 Bxa1 12. Bxf7+ Kf8 13. Ba3+ Ne7 14. Ke2 Bb2 15. Bxb2 a5 16. Ne5 Ra6 17. Rc1 a4 18. Qc4 a3 19. Bc3 Rf6 20. Kf1 c6 21. Kg1 g5 22. d5 Nxd5 23. Bxd5 Qxd5 24. Qb4+ c5 25. Qa5 Rg8 26. Qc7 Bf5 27. h3 b5 28. Re1 Qd6 29. Qb7 Be6 30. Qxb5 Kg7 31. Nf3 1-0

[Event "GER T199-C54-S email"]
[Site "GER email"]
[Date "2014.09.22"]
[Round "?"]
[White "Heilmann, Michael Joerg"]
[Black "Thomae, Eberhard"]
[Result "1-0"]
[WhiteElo "2180"]
[BlackElo "1849"]
[PlyCount "45"]
[EventDate "2014.09.29"]
[EventType "tourn (corr)"]
[EventRounds "8"]
[EventCountry "GER"]
[SourceTitle "Corr 2020"]
[Source "ChessBase"]
[SourceDate "2019.09.30"]
[SourceVersion "1"]
[SourceVersionDate "2019.09.30"]
[SourceQuality "1"]

1. e4 e5 2. Nf3 Nc6 3. Bc4 Bc5 4. c3 Nf6 5. d4 exd4 6. cxd4 Bb4+ 7. Kf1 d5 8. exd5 Nxd5 9. Nc3 Nxc3 10. bxc3 Bxc3 11. Qb3 Bxa1 12. Bxf7+ Kf8 13. Ba3+ Ne7 14. Ke2 a5 15. Bc4 Bg4 16. Rxa1 Qxd4 17. Rd1 Qf4 18. Kf1 Bxf3 19. gxf3 b6 20. Qd3 Re8 21. Re1 c5 22. Re4 Qxh2 23. Qd7 1-0

[Event "GER T199-C54-S email"]
[Site "GER email"]
[Date "2014.09.22"]
[Round "?"]
[White "Offenborn, Heinz"]
[Black "Heilmann, Michael Joerg"]
[Result "1/2-1/2"]
[WhiteElo "2098"]
[BlackElo "2180"]
[PlyCount "53"]
[EventDate "2014.09.29"]
[EventType "tourn (corr)"]
[EventRounds "8"]
[EventCountry "GER"]
[SourceTitle "Corr 2020"]
[Source "ChessBase"]
[SourceDate "2019.09.30"]
[SourceVersion "1"]
[SourceVersionDate "2019.09.30"]
[SourceQuality "1"]

1. e4 e5 2. Nf3 Nc6 3. Bc4 Bc5 4. c3 Nf6 5. d4 exd4 6. cxd4 Bb4+ 7. Kf1 d5 8. exd5 Nxd5 9. Nc3 Be6 10. Nxd5 Bxd5 11. Qb3 Bxc4+ 12. Qxc4 Qd6 13. Be3 0-0 14. Rc1 Ba5 15. g3 Rad8 16. Kg2 Qd5 17. Rhd1 Ne7 18. Bd2 Bxd2 19. Rxd2 Qxc4 20. Rxc4 Nd5 21. Rd3 c6 22. Ra3 a6 23. Rb3 Rd7 24. a4 f6 25. a5 Re8 26. Kf1 h5 27. h4 1/2-1/2

[Event "GER Cup19 sf28 serv"]
[Site "GER email"]
[Date "2013.07.14"]
[Round "?"]
[White "Bennewitz, Bernhard"]
[Black "Heilmann, Michael Joerg"]
[Result "0-1"]
[WhiteElo "1871"]
[BlackElo "2171"]
[PlyCount "76"]
[EventDate "2013.07.20"]
[EventType "tourn (corr)"]
[EventRounds "6"]
[EventCountry "GER"]
[SourceTitle "Corr 2015"]
[Source "ChessBase"]
[SourceDate "2015.07.17"]
[SourceVersion "1"]
[SourceVersionDate "2015.07.17"]
[SourceQuality "1"]

1. d4 Nf6 2. c4 g6 3. Nc3 d5 4. Nf3 Bg7 5. Bg5 Ne4 6. Bf4 Nxc3 7. bxc3 c5 8. e3 0-0 9. Bd3 dxc4 10. Bxc4 Qa5 11. Qd2 Nc6 12. Rc1 Bg4 13. Be2 Rfd8 14. h3 Bf5 15. Bg3 e5 16. d5 e4 17. Nh2 Rac8 18. Bh4 Rd6 19. g4 Be6 20. c4 Nb4 21. Bg3 Rdd8 22. 0-0 Bd7 23. Rb1 b6 24. Rfe1 Qxa2 25. Qxa2 Nxa2 26. Rb3 Nb4 27. Rf1 a5 28. Ra3 a4 29. Rb1 b5 30. cxb5 Nxd5 31. b6 Nc3 32. Re1 Nxe2+ 33. Rxe2 Bc6 34. Rc2 Rd3 35. Raa2 a3 36. Rxc5 Bb7 37. Rc7 Rxc7 38. bxc7 Bb2 0-1

[Event "GER Cup19 sf28 serv"]
[Site "GER email"]
[Date "2013.07.14"]
[Round "?"]
[White "Droessler, Uwe"]
[Black "Heilmann, Michael Joerg"]
[Result "0-1"]
[WhiteElo "2017"]
[BlackElo "2171"]
[PlyCount "112"]
[EventDate "2013.07.20"]
[EventType "tourn (corr)"]
[EventRounds "6"]
[EventCountry "GER"]
[SourceTitle "Corr 2015"]
[Source "ChessBase"]
[SourceDate "2015.07.17"]
[SourceVersion "1"]
[SourceVersionDate "2015.07.17"]
[SourceQuality "1"]

1. e4 c5 2. Nf3 d6 3. d4 cxd4 4. Nxd4 Nf6 5. Nc3 a6 6. Bg5 Nbd7 7. f4 Qc7 8. Qf3 h6 9. Bxf6 Nxf6 10. f5 Qc5 11. 0-0-0 g5 12. fxg6 Bg4 13. gxf7+ Kxf7 14. Qd3 Bxd1 15. Nxd1 Bg7 16. Qb3+ d5 17. Nf5 Rac8 18. e5 Ne8 19. Nxg7 Nxg7 20. Bd3 b5 21. Rf1+ Ke8 22. g3 Ne6 23. Bg6+ Kd8 24. Ne3 Kc7 25. Nxd5+ Kb8 26. Nb4 Qxe5 27. Qd5 Qxd5 28. Nxd5 Rhf8 29. Re1 Rc6 30. Nxe7 Rd6 31. Bd3 Nd4 32. Re4 Rff6 33. Kd2 Rf2+ 34. Ke1 Rf7 35. h4 Kc7 36. h5 Ne6 37. Nd5+ Kd7 38. Re5 Nd4 39. Be4 Nf3+ 40. Bxf3 Rxf3 41. Re7+ Kd8 42. Re3 Rxe3+ 43. Nxe3 Kd7 44. Nf5 Rf6 45. g4 b4 46. Ke2 Ke6 47. Nd4+ Ke5 48. Ke3 Rb6 49. Nf3+ Kf6 50. Kd4 Rb8 51. Kc4 Rc8+ 52. Kb3 a5 53. c3 bxc3 54. bxc3 Rg8 55. Ka4 Rxg4+ 56. Kxa5 Rg3 0-1

[Event "GER T166-C40-S email"]
[Site "GER email"]
[Date "2013.01.10"]
[Round "?"]
[White "Heilmann, Michael Joerg"]
[Black "Siebarth, Marco"]
[Result "1-0"]
[WhiteElo "2171"]
[BlackElo "1845"]
[PlyCount "35"]
[EventDate "2013.01.28"]
[EventType "tourn (corr)"]
[EventRounds "8"]
[EventCountry "GER"]
[SourceTitle "Corr 2015"]
[Source "ChessBase"]
[SourceDate "2015.07.17"]
[SourceVersion "1"]
[SourceVersionDate "2015.07.17"]
[SourceQuality "1"]

1. e4 e5 2. Nf3 f5 3. Nxe5 Qf6 4. Nc4 fxe4 5. Nc3 Qf7 6. Ne3 c6 7. d3 exd3 8. Bxd3 d5 9. 0-0 Bc5 10. b4 Bxb4 11. Nexd5 cxd5 12. Nxd5 Bc5 13. Rb1 Nc6 14. Rb5 b6 15. Rxc5 bxc5 16. Bb5 Bb7 17. Re1+ Kf8 18. Ba3 1-0

[Event "Rheinland Pfalz op 2nd"]
[Site "Schweich"]
[Date "2010.07.18"]
[Round "7"]
[White "Heilmann, Michael Joerg"]
[Black "Akbar, Jamal"]
[Result "0-1"]
[WhiteElo "1551"]
[BlackElo "1881"]
[PlyCount "80"]
[EventDate "2010.07.16"]
[EventType "swiss"]
[EventRounds "7"]
[EventCountry "GER"]
[SourceTitle "EXT 2012"]
[Source "ChessBase"]
[SourceDate "2011.11.24"]
[SourceVersion "1"]
[SourceVersionDate "2011.11.24"]
[SourceQuality "1"]

1. e4 c5 2. Nc3 Nc6 3. Nf3 g6 4. b3 Bg7 5. Bb2 d6 6. Rb1 Nf6 7. Be2 0-0 8. 0-0 e5 9. d3 Ne8 10. Nd5 Ne7 11. Ne3 f5 12. exf5 gxf5 13. Nc4 f4 14. Nfd2 Nf5 15. g3 b5 16. Na3 a6 17. c4 b4 18. Nc2 Qg5 19. Ne4 Qh6 20. Kh1 Bb7 21. Bc1 Nf6 22. Bf3 Nxe4 23. dxe4 Ne7 24. Rg1 Kh8 25. Qd3 Rad8 26. a3 a5 27. axb4 axb4 28. Ra1 Qf6 29. gxf4 exf4 30. Rb1 Ng6 31. Bb2 Ne5 32. Qe2 Qh4 33. Bxe5 Bxe5 34. Rg4 Qe7 35. Rbg1 Ra8 36. Qd1 Bc8 37. Rg5 Be6 38. Qe2 Ra2 39. R5g2 Rb2 40. Bg4 f3 0-1